[Event "Prague Visus op"]
[Site "Prague"]
[Date "2002.??.??"]
[Round "?"]
[White "Kubikova, Hana"]
[Black "Novak, Karel"]
[Result "1/2-1/2"]
[WhiteElo "2150"]
[BlackElo "1810"]
[PlyCount "114"]
[EventDate "2002.??.??"]
[EventType "swiss"]
[EventRounds "9"]
[EventCountry "CZE"]
[SourceTitle "EXT 2006"]
[Source "ChessBase"]
[SourceDate "2005.11.24"]
[SourceVersion "1"]
[SourceVersionDate "2005.11.24"]
[SourceQuality "1"]

1. f4 d5 2. Nf3 c5 3. e3 Nf6 4. b3 e6 5. Bb2 Nc6 6. Bb5 Bd7 7. Bxc6 Bxc6 8. 0-0 Be7 9. d3 0-0 10. Ne5 Rc8 11. Nd2 Nd7 12. Ndf3 f6 13. Nxd7 Bxd7 14. Nd2 b5 15. Qh5 Qe8 16. Qh4 Rc6 17. Qg3 Qg6 18. Qxg6 hxg6 19. a4 b4 20. Rad1 Rc7 21. Nf3 Rfc8 22. Rfe1 Be8 23. e4 d4 24. Kf2 Kf7 25. Bc1 Bd7 26. Rh1 Rh8 27. Bd2 Bc6 28. Rde1 Rcc8 29. h4 Rh7 30. g3 Rb8 31. Bc1 Bd7 32. Re2 Rh5 33. g4 Rh7 34. g5 Rh5 35. Rg1 Rg8 36. Bd2 Bc6 37. Be1 Bb7 38. Kf1 Bd8 39. Bg3 Be7 40. Nd2 Re8 41. Ke1 Rc8 42. Rf1 Rf8 43. Ref2 Ke8 44. Nc4 Kd7 45. Rg1 Rg8 46. Ke2 Rh7 47. Rff1 Rh5 48. Be1 Rhh8 49. Rg4 Ke8 50. Na5 Ba8 51. Nc4 Bc6 52. Rgg1 Rh5 53. Kd1 Kd7 54. gxf6 gxf6 55. f5 exf5 56. exf5 g5 57. Nd2 Bd5 1/2-1/2